Rethinking development: India's cultural ethos as foundation (Record no. 509854)

000 -LEADER
fixed length control field 01724nam a2200157 4500
008 - FIXED-LENGTH DATA ELEMENTS--GENERAL INFORMATION
fixed length control field 190621b ||||| |||| 00| 0 eng d
100 ## - MAIN ENTRY--PERSONAL NAME
Personal name Mathur, B.P.
245 ## - TITLE STATEMENT
Title Rethinking development: India's cultural ethos as foundation
260 ## - PUBLICATION, DISTRIBUTION, ETC. (IMPRINT)
Date of publication, distribution, etc 2019
300 ## - PHYSICAL DESCRIPTION
Extent p.29-44.
520 ## - SUMMARY, ETC.
Summary, etc According to the development model India has adopted, development is viewed in narrow terms of economic development and, more particularly, GDP growth. This is largely due to our blind imitation of Western philosophy, which is based on materialistic values, and has given birth to current ruling economic ideology of free markets and competition, where earning money and accumulating wealth is considered primary goal of life. In its practical operation, this model creates serious socio-economic problems, such as ecological devastation, economic inequality, culture of consumerism, unemployment and social Darwinism. In India today, most components of social and economic well-being of people, such as education, health, employment and a healthy agricultural and industrial base, are in dismal state, indicating that our existing policy has failed. This calls for a fundamental rethink of our development policy. There is a need to embrace a more human-centric model of development, based on our cultural and civilisational ethos, which is ethico-spiritual and is deeply concerned with the problem of human welfare, social good and well-being of people. There is a need to redefine our development goals as creation of a happy, healthy and prosperous society. - Reproduced.
650 ## - SUBJECT ADDED ENTRY--TOPICAL TERM
Topical term or geographic name as entry element Culture - India
9 (RLIN) 6557
773 ## - HOST ITEM ENTRY
Main entry heading Indian Journal of Public Administration
906 ## - LOCAL DATA ELEMENT F, LDF (RLIN)
Subject DIP Economic development - India
942 ## - ADDED ENTRY ELEMENTS (KOHA)
Source of classification or shelving scheme
Item type Articles
Holdings
Withdrawn status Lost status Source of classification or shelving scheme Damaged status Not for loan Permanent location Current location Date acquired Serial Enumeration / chronology Barcode Date last seen Koha item type
          Indian Institute of Public Administration Indian Institute of Public Administration 2019-06-21 65(1), Jan, 2019: p.29-44. AR119968 2019-06-21 Articles

Powered by Koha